000 00325nam a22001337a 4500
008 180216b xxu||||| |||| 00| 0 eng d
020 _a9783319195230
041 _aeng
080 _a61
100 _a4
101 _aSHM
245 _aDiagnosis and treatment of gastroesophageal reflux disease
_cVaezi,M.F
942 _2udc
_cBK
999 _c42741
_d42741